00352pab a2200121 454500008004000000100001900040245010700059260000900166300001300175362001200188650001700200773001300217180718b1982 xxu||||| |||| 00| 0 eng d aShetty, H.B.N. aOrganisational structure of a water authority: The Madras Metropolitan Water Supply and Sewerage Board c1982 ap.65-77. aJan-Mar aWater supply aNagarlok